Movies Quiz

Random Movies or Disney Quiz

Disney Women By First Lines Quiz Stats

 Plays Quiz not verified by Sporcle

Challenge
Share
Tweet
Embed
Score 0/23 Timer 05:00
0 Plays Today
First Lines Disney Girl % Correct
'Flounder, hurry up!' {+} 'There it is. Isn't it fantastic?'Ariel
92.2%
{+} 'Hi, Simba.' {+} 'Simba! I'm kind of in the middle of a bath.'Nala
91.5%
'Oh, Father. Rajah was just playing with him, weren't you Rajah?'Jasmine
91.1%
*Little town, it's a quiet village. Every day, like the one before...*Belle
88.8%
{+} 'He's back, Flit! Come on, Meeko.' Pocahontas
84.1%
'There is no way, in this whole wide world... I would ever, ever, ever, I mean NEVER kiss a frog. Yuck!'Tiana
82.5%
[humming] 'Want to know a secret? Promise not to tell?' *We are standing by a wishing well.*Snow White
72.6%
'Slave in the magic mirror, come from the darkest space...'Queen Grimhilde
71.9%
*Flower gleam and glow, let your power shine...*Rapunzel
70.9%
'Quiet and demure... graceful, polite, delicate, refined, poised... punctual!'Mulan
66.2%
'Oh, that clock! Old killjoy.'Cinderella
62.2%
{+} 'It's sandwich day. Every Thursday I take Pudge the fish a peanut butter sandwich.' Lilo
60.1%
First Lines Disney Girl % Correct
'I swear, Nessus. Put me down or I'll-'Megara
54.4%
'Yes, hurry home princess. We wouldn't want to miss old daddy's celebration, now would we?'Ursula
53.4%
[chuckles] 'Oh, no, John. It was the left hand.'Wendy Darling
47.9%
'Well, and what are you three dears up to?'Aurora
47.9%
'Berlioz, come back here. Haven't you forgotten something, darling?' Duchess
47.2%
{+} [laughs] 'Oh, of course, dear. After all, dogs were having puppies long before our time.'Perdita
47.1%
'Jock! Oh, Jo-ock! Hello Jock.'Lady
42.8%
{+} 'Hmm...? Oh, I'm listening.'Alice
27.2%
{+} 'For your information, I earned it.' {+} 'You'd know a lot about stealing!'Esmeralda
25%
'Daddy? Ow. Daddy, what's all the hullabaloo about? What is it, Daddy?'Jane
23.3%
{+} '-You're being held a prisoner, aren't you?' {+} 'I've been held against my will, too.'Eilonwy
10.9%

You're not logged in!

Compare scores with friends on all Sporcle quizzes.
Join for Free
OR
Log In

You Might Also Like...

Show Comments

Extras

Top Quizzes Today


Score Distribution

Your Account Isn't Verified!

In order to create a playlist on Sporcle, you need to verify the email address you used during registration. Go to your Sporcle Settings to finish the process.

Report this User

Report this user for behavior that violates our Community Guidelines.

Details: